000 00563nam a2200181Ia 4500
003 GCL
008 140319s9999 xx 000 0 ara d
040 _aGCL /
_cGCL
082 0 4 _a953.03
_bس ح
100 1 _aسيد محمود القمنى
245 1 0 _aالحزب الهاشمى وتأسيس الدولة الاسلامية /
_cسيد محمود القمنى
300 _a104 ص
490 _aكتاب
_v0
650 0 4 _aالتاريخ الاسلامى
650 0 4 _aبنو هاشم
650 0 4 _aالدولة الاموية - تأسيس
942 _2ddc
_cBK
999 _c42980
_d42980